000 00251nam a2200097Ia 4500
008 120527s9999 xx 000 0 und d
100 _aSCHWAB,G.O.et al.
245 _aSoil and water conservation engineering.4th edition
260 _bWiley
942 _cBK
999 _c24106
_d24106